书目信息 |
| 题名: |
普及珠算
|
|
| 作者: | 殷长生 编译 | |
| 分册: | ||
| 出版信息: | 北京 教育科学出版社 1981 |
|
| 页数: | 164页 | |
| 开本: | 19cm | |
| 丛书名: | ||
| 单 册: | ||
| 中图分类: | O121.5 | |
| 科图分类: | ||
| 主题词: | 珠算 | |
| 电子资源: | ||
| ISBN: | ||
| 000 | 00577nam0 2200229 45 | |
| 001 | 0181009875 | |
| 005 | 20060725112609.39 | |
| 010 | @dCNY0.55 | |
| 091 | @a7232.27 | |
| 100 | @a19950630d1981 em y0chiy0121 ea | |
| 101 | 1 | @achi |
| 102 | @aCN@b110000 | |
| 105 | @ay z 000yy | |
| 200 | 10 | @a普及珠算@Apu ji zhu suan@f殷长生编译 |
| 210 | @a北京@c教育科学出版社@d1981 | |
| 215 | @a164页@d19cm | |
| 606 | @a珠算 | |
| 690 | @aO121.5@v3 | |
| 701 | 0 | @a殷长生@Ayin chang sheng@4编译 |
| 801 | 2 | @aCN@bNLC@c20060725 |
| 801 | 0 | @aCN@b上海图书馆@c20040519 |
| 905 | @dO121.5@e118 | |
| 普及珠算/殷长生编译.-北京:教育科学出版社,1981 |
| 164页;19cm |
| ISBN :CNY0.55 |
| ● |
| 相关链接 |
|
|
|
|
正题名:普及珠算
索取号:O121.5/118
 
预约/预借
| 序号 | 登录号 | 条形码 | 馆藏地/架位号 | 状态 | 备注 |
| 1 | 0054451 | 001245441 | 第三借阅区/ [索取号:O121.5/118] | 在馆 | |
| 2 | 0054452 | 001245414 | 第三借阅区/ [索取号:O121.5/118] | 在馆 | |
| 3 | 0054453 | 001245469 | 第三借阅区/ [索取号:O121.5/118] | 在馆 | |
| 4 | 0431499 | 204314991 | 密集书库/ [索取号:O121.5/118] | 在馆 | |
| 5 | 0431500 | 204315008 | 密集书库/ [索取号:O121.5/118] | 在馆 | |
| 6 | 0431501 | 204315017 | 密集书库/ [索取号:O121.5/118] | 在馆 |